书目信息

书名: 2008中国室内设计年鉴 特色餐饮
作者: 深圳市创扬文化传播有限公司
出版信息: 武汉   华中科技大学出版社  2008
开本页数: 31cm  303页
丛书名:
单 册:
中图分类: TU:Z
科图分类:
主题词: 室内装饰设计--中国--2008--年鉴 , 餐厅--室内装饰设计--中国--现代--图集 , 建筑学
电子资源:
ISBN: 978-7-5609-4842-3
000 01155nam0 2200289 450
001 2364
005 20091130095555.18
010    @a978-7-5609-4842-3@b精装@dCNY268.00
098    @a2364
100    @a20081113d2008 em y0chiy0110 ea
101 @achi@aeng
102    @aCN@b420000
105    @aa igz 000yy
200 @a2008中国室内设计年鉴@A2008 zhong guo shi nei she ji nian jian@i特色餐饮@e[中英文本]@f深圳市创扬文化传播有限公司编
210    @a武汉@c华中科技大学出版社@d2008
215    @a303页@d31cm
312    @a书脊英文题名:2008 China interior design annual.restaurant
330    @a本书汇集了当今国内顶级设计师2008年所设计的餐厅作品,内容涉及时尚餐厅、九龙会餐厅、上沙茶餐厅、望楼大酒楼、共语咖啡等。
510 @a2008 China interior design annual@iRestaurant@zeng
540 @a中国室内设计年鉴@Azhong guo shi nei she ji nian jian@h2008
606 @a室内装饰设计@y中国@z2008@j年鉴
606 @a餐厅@x室内装饰设计@y中国@z现代@j图集
606 @a建筑学
690    @aTU:Z@v4
711 02 @a深圳市创扬文化传播有限公司@Ashen zhen shi chuang yang wen hua chuan bo you xian gong si@4编
801    @aCN@bCDNYKJ@c20091130
905    @dTU:Z@e211
    
    2008中国室内设计年鉴.特色餐饮:[中英文本]/深圳市创扬文化传播有限公司编.-武汉:华中科技大学出版社,2008
    303页;31cm
    
    
    ISBN 978-7-5609-4842-3(精装):CNY268.00
    本书汇集了当今国内顶级设计师2008年所设计的餐厅作品,内容涉及时尚餐厅、九龙会餐厅、上沙茶餐厅、望楼大酒楼、共语咖啡等。
相关链接 在五车中查询图书 在当当中查询图书 在豆瓣中查询图书


正题名:2008中国室内设计年鉴     索取号:TU:Z/211         预约/预借

序号 登录号 条形码 馆藏地/架位号 状态 备注
1 257077   300257077   柳城-5楼工具书/56架4列4层/ [索取号:TU:Z/211] 在馆